<?xml version="1.0" encoding="UTF-8"?>
<collection xmlns="http://www.loc.gov/MARC21/slim">
 <record>
  <leader>00879pamaa2200241   4500</leader>
  <controlfield tag="001">0000045183</controlfield>
  <controlfield tag="005">20130117090000.0</controlfield>
  <controlfield tag="008">090515                             eng  </controlfield>
  <datafield tag="020" ind1="0" ind2="0">
   <subfield code="a">0765603462 (pbk.) </subfield>
  </datafield>
  <datafield tag="090" ind1="0" ind2="0">
   <subfield code="a">HD2910 </subfield>
   <subfield code="b">CHI 1998</subfield>
  </datafield>
  <datafield tag="245" ind1="1" ind2="0">
   <subfield code="a">Chinese business history : </subfield>
   <subfield code="b">Interpretive trends and priorities for the future  </subfield>
   <subfield code="c">Guest editors by Robert Gardella, Jane K. Leonard and Andrea McElderry.</subfield>
  </datafield>
  <datafield tag="260" ind1="0" ind2="0">
   <subfield code="a">London, U.K: </subfield>
   <subfield code="b">M.E Sharpe, </subfield>
   <subfield code="c">1998.</subfield>
  </datafield>
  <datafield tag="300" ind1=" " ind2=" ">
   <subfield code="a">190p: </subfield>
   <subfield code="b">ill.; </subfield>
   <subfield code="c">18 cm.</subfield>
  </datafield>
  <datafield tag="440" ind1="0" ind2="0">
   <subfield code="a">Special studies in Chinese History</subfield>
  </datafield>
  <datafield tag="501" ind1="0" ind2="0">
   <subfield code="a">BBDUH</subfield>
  </datafield>
  <datafield tag="501" ind1="0" ind2="0">
   <subfield code="a">BATUH</subfield>
  </datafield>
  <datafield tag="506" ind1=" " ind2=" ">
   <subfield code="a">Author Index</subfield>
  </datafield>
  <datafield tag="650" ind1="0" ind2="0">
   <subfield code="a">Corporations -- </subfield>
   <subfield code="x">History -- </subfield>
   <subfield code="z">China </subfield>
  </datafield>
  <datafield tag="650" ind1="0" ind2="0">
   <subfield code="a">Industrial organization -- </subfield>
   <subfield code="x">History -- </subfield>
   <subfield code="z">China </subfield>
  </datafield>
  <datafield tag="650" ind1="0" ind2="0">
   <subfield code="a">Corporate reorganizations -- </subfield>
   <subfield code="x">History -- </subfield>
   <subfield code="z">China </subfield>
  </datafield>
  <datafield tag="700" ind1="1" ind2="1">
   <subfield code="a">Gardella, </subfield>
   <subfield code="h">Robert </subfield>
  </datafield>
  <datafield tag="700" ind1="1" ind2="1">
   <subfield code="a">Leonard, </subfield>
   <subfield code="h">Jane K. </subfield>
  </datafield>
  <datafield tag="700" ind1="1" ind2="1">
   <subfield code="a">McElderry, </subfield>
   <subfield code="h">Andrea </subfield>
  </datafield>
 </record>
</collection>
